| 000 | 01105pam a2200337 a 4500 | ||
|---|---|---|---|
| 001 | 2071 | ||
| 003 | FISKH | ||
| 005 | 20231103112856.0 | ||
| 008 | 840910s1985 maua j 000 1 eng | ||
| 010 | _a 84019818 | ||
| 020 | _a0395378001 | ||
| 020 | _a9780395510063 | ||
| 040 |
_aDLC _cDLC _dDLC _beng |
||
| 042 | _alcac | ||
| 050 | 0 | 0 |
_aPZ7.B7559 _bAn 1985 |
| 082 | 0 | 0 |
_a813.54 _219 |
| 100 | 1 |
_aBrett, Jan, _d1949- |
|
| 245 | 1 | 0 |
_aAnnie and the wild animals / _cwritten and illustrated by Jan Brett. |
| 260 |
_aNew York : _bHoughton Mifflin, _c1985. |
||
| 300 |
_a32 unnumbered pages : _bcolor illustrations ; _c24 cm |
||
| 505 | _aJ | ||
| 520 | _aWhen her cat disappears during winter, Annie searches for a new pet among the woodland animals until her beloved Taffy reappears with a surprise in the spring. | ||
| 521 | 8 |
_a490
_bLexile |
|
| 521 | 8 |
_aJ
_bRaz-Plus |
|
| 650 | 1 |
_aForest animals _vFiction. |
|
| 650 | 1 |
_aCats _vFiction. |
|
| 650 | 1 |
_aPets _vFiction. |
|
| 650 | 1 |
_aAnimals _xInfancy _vFiction. |
|
| 906 |
_a7 _bcbc _corignew _d1 _eocip _f19 _gy-gencatlg |
||
| 942 |
_2ddc _cBK _n0 |
||
| 999 |
_c2071 _d2071 |
||